000 00338nam a2200133Ia 4500
008 210210b1981 xxu||||| |||| 00| 0 eng d
082 _a330.02 DHIQ
100 _aDHINGRA (I C).
245 _aQuestion bank in economics.
260 _aND
_bSultan Chand & Sons
_c1981
300 _ax,AC171
690 _aEconomic Theory
906 _aSG03060
999 _c114052
_d114052